Представление документа в формате RUSMARC

Поле Инд. ПП Название Значение
Тип записи a
Библиографический уровень a
001 Контрольный номер f4ca99bb4cb34cd7a2db063c6ade5f8d
005 Дата корректировки 20181120134538.5
100 a Данные общей обработки 20180904 ||| 0rusy0189 ca
101 0_ a Язык текста rus
102 a Страна публикации RU
200 1_ f Первые сведения об ответственности А.В. Красюков
a Заглавие Предпроверочный анализ как новый вид налоговой проверки
210 d Дата издания 2018
461 _0 1 2000
a Финансовое право
463 _0 1 2000
a №1
v С. 3-7
1 2101
d 2018
1 00143c6caf206b24182886d34cfbe8dc4b3
606 a Основная рубрика Финансовое право
610 0_ a Ключевые слова НАЛОГОВОЕ ПРАВО
a Ключевые слова КОНТРОЛЬ НАЛОГОВЫЙ
700 _1 a Фамилия Красюков
b Имя А.В.
801 _0 a Страна RU
b Организация РГУП
c Дата составления 20180904
g Правила каталогизации PSBO
801 _1 a Страна RU
b Организация РГУП
c Дата составления 20180904
g Правила каталогизации PSBO
901 t Тип документа b
w Контрольный № источника 43c6caf206b24182886d34cfbe8dc4b3
905 a Дата ввода 20180904